00750nam a2200217Ii 45000010005000000030009000050080041000140400033000550410008000880820015000961000033001112450056001442640038002003000012002383360026002503370028002763380027003049400050003319990017003819520134003983464CO-ViMGA241108s9999||||xx |||||||||||||| ||und|| aCO-ViMGAbspaerdacCO-ViMGA0 aspa04a320 - M11g1 aJames MacGregor Burns94833910aGobierno Presidencial:bEl crisol de la soberanía 1aBogotá, Colombia : Limusa, 1967 avolumen atextbtxt2rdacontent aunmediatedbn2rdamedia avolumebnc2rdacarrier aidficha_siabuc: 3380. -- ficha_no_siabuc:3464 c42981d42981 001040708001aMEVIGERRbMEVIGERRcGENd2006-11-27o320 - M11gpECA1879r2024-11-26 09:06:55tEj.1w2024-11-26yBKz3380 | 4992